| 000 | 00000nam##2200000za#4500 |
| 001 | 9.693621 |
| 003 | CaOODSP |
| 005 | 20210624233740 |
| 007 | cr ||||||||||| |
| 008 | 150407|1997||||xxc|||||o f|0| 0 eng|d |
| 040 | |aCaOODSP|beng |
| 043 | |an-cn--- |
| 086 | 1 |aBT22-51/1997E-PDF |
| 110 | 1 |aCanada. |bTreasury Board. |
| 245 | 10|aEmployment statistics for the federal public service : |h[electronic resource]|bApril 1, 1996 to March 31, 1997 |
| 260 | |aOttawa - Ontario : |bTreasury Board of Canada Secretariat |c[1997]. |
| 300 | |a102p.|bgraphs, tables, index |
| 500 | |a"Provides workforce data by employment type, gender, occupational category, region, department and age. This year's report also offers a summary of Public Service 1 employment reductions for the period coinciding with the second complete year of Program Review."--Foreword. |
| 520 | 3 |aProvides workforce data by employment type, gender, occupational category, region, department and age. This year's report also offers a summary of Public Service 1 employment reductions for the period coinciding with the second complete year of Program Review.--Foreword |
| 590 | |a10-07-Supp|b2010-09-08 |
| 690 | 07|aStatistics|2gcpds |
| 775 | 08|tStatistiques de l'emploi dans la fonction publique fédérale : |w(CaOODSP)9.637796 |
| 776 | 0#|tEmployment statistics for the federal public service : |w(CaOODSP)9.659531 |
| 776 | 0#|tStatistiques de l'emploi dans la fonction publique fédérale : |w(CaOODSP)9.659532 |
| 856 | 40|ahttp://publications.gc.ca|qPDF|s633 KB|uhttps://publications.gc.ca/collections/Collection/BT22-51-1997E.pdf |